|
|
|
|
| LEADER |
01214nam a2200277 u 4500 |
| 001 |
10040740 |
| 003 |
GR-PaULI |
| 005 |
20211221093849.0 |
| 008 |
010802s2012 gr gre |
| 952 |
|
|
|0 0
|1 0
|2 ddc
|4 0
|6 813_600000000000000_LIT
|7 0
|9 353742
|a LISP
|b LISP
|c DON
|d 2021-12-21
|e ΠΑΤ
|i 254321
|l 0
|o 813.6 LIT
|p 025000289360
|r 2021-12-21 00:00:00
|t 1
|w 2021-12-21
|y BKN
|
| 999 |
|
|
|c 207412
|d 207412
|
| 020 |
|
|
|a 9789604965809
|
| 040 |
|
|
|a GR-PaULI
|c GR-PaULI
|b gre
|e AACR2
|
| 082 |
0 |
4 |
|a 813.6
|2 23
|
| 100 |
1 |
|
|a Littman, Sarah
|9 189036
|
| 245 |
1 |
0 |
|a Θέλεις να κάνουμε chat ; /
|c Σάρα Ντάρερ Λίτμαν ; μετάφραση Πετρούλα Γαβριηλίδου.
|
| 260 |
|
|
|a Αθήνα :
|b Ψυχογιός,
|c 2012.
|
| 300 |
|
|
|a 393 σ. ;
|c 21 εκ.
|
| 490 |
1 |
|
|a Νεανική λογοτεχνία / Ψυχογιός
|
| 500 |
|
|
|a Τίτλος πρωτοτύπου: Want to go private?
|
| 505 |
0 |
|
|a
|
| 700 |
1 |
|
|a Γαβριηλίδου, Πετρούλα
|9 189037
|e μεταφράστρια.
|
| 765 |
|
|
|i Μετάφραση του:
|t Want to go private?
|
| 830 |
|
0 |
|9 189038
|a Νεανική λογοτεχνία (Ψυχογιός)
|
| 942 |
|
|
|2 ddc
|c BKN
|
| 998 |
|
|
|c ΜΠΟΥΡΑΣ
|d 2021-12
|